Losowe państwa na mapie Pangei - Statystyki

Ogólne statystyki
  • Ten quiz został rozwiązany 5 810 razy
  • Średni wynik to 16 z 20
Odpowiedzi na mapie
Odpowiedzi zakodowano w zielono-czerwonej skali na mapie do tego quizu, zgodnie z poniższymi procentami.
 
Statystyki odpowiedzi
Państwo % Poprawnych
Rosja
100%
Stany Zjednoczone
100%
Kanada
99%
Meksyk
99%
Wielka Brytania
98%
Chiny
97%
Niemcy
97%
Norwegia
97%
Polska
97%
Ukraina
97%
Argentyna
96%
Białoruś
96%
Brazylia
96%
Egipt
96%
Francja
96%
Hiszpania
96%
Litwa
96%
Mongolia
96%
Szwecja
96%
Algieria
95%
Chile
95%
Czechy
95%
Dania
95%
Kazachstan
95%
Włochy
95%
Arabia Saudyjska
94%
Finlandia
94%
Maroko
94%
Republika Południowej Afryki
94%
Australia
93%
Austria
93%
Holandia
93%
Rumunia
93%
Belgia
92%
Estonia
92%
Islandia
92%
Kolumbia
92%
Portugalia
92%
Słowacja
92%
Węgry
92%
Demokratyczna Republika Konga
91%
Irlandia
91%
Japonia
91%
Łotwa
91%
Peru
91%
Szwajcaria
91%
Boliwia
90%
Irak
90%
Libia
90%
Mołdawia
90%
Wenezuela
90%
Chorwacja
89%
Grecja
89%
Indie
89%
Malta
89%
Sudan
89%
Tunezja
89%
Urugwaj
89%
Bośnia i Hercegowina
88%
Czad
88%
Ekwador
88%
Etiopia
88%
Macedonia Północna
88%
Niger
88%
Bułgaria
87%
Indonezja
87%
Paragwaj
87%
Słowenia
87%
Somalia
87%
Albania
86%
Jemen
86%
Kuba
86%
Oman
86%
Papua-Nowa Gwinea
86%
Wietnam
86%
Kosowo
85%
Luksemburg
85%
Serbia
85%
Gruzja
84%
Korea Południowa
84%
Madagaskar
84%
Mali
84%
Nowa Zelandia
84%
Syria
84%
Tajlandia
84%
Czarnogóra
83%
Gujana
83%
Izrael
83%
Katar
83%
Nepal
83%
Nigeria
83%
San Marino
83%
Watykan
83%
Zjednoczone Emiraty Arabskie
83%
Angola
82%
Kirgistan
82%
Korea Północna
82%
Laos
82%
Lesotho
82%
Azerbejdżan
81%
Cypr
81%
Filipiny
81%
Mauretania
81%
Surinam
81%
Armenia
80%
Jordania
80%
Andora
79%
Erytrea
79%
Mjanma
79%
Sudan Południowy
79%
Afganistan
78%
Haiti
78%
Senegal
78%
Iran
77%
Kuwejt
77%
Liechtenstein
77%
Mozambik
77%
Panama
77%
Tadżykistan
77%
Uzbekistan
77%
Bangladesz
76%
Eswatini
76%
Kambodża
76%
Kenia
76%
Liban
76%
Namibia
76%
Ghana
75%
Honduras
75%
Kamerun
75%
Togo
75%
Dominikana
74%
Monako
74%
Sri Lanka
74%
Tanzania
74%
Uganda
74%
Wybrzeże Kości Słoniowej
74%
Dżibuti
73%
Zambia
73%
Botswana
72%
Pakistan
72%
Republika Środkowoafrykańska
72%
Rwanda
72%
Kongo
71%
Belize
70%
Benin
70%
Bhutan
70%
Burkina Faso
70%
Gwinea Równikowa
70%
Jamajka
70%
Malawi
70%
Malezja
70%
Nikaragua
70%
Turkmenistan
70%
Zimbabwe
70%
Tajwan
69%
Bahrajn
68%
Gabon
68%
Gambia
68%
Gwatemala
68%
Gwinea
68%
Kostaryka
67%
Sierra Leone
67%
Salwador
66%
Turcja
65%
Liberia
64%
Singapur
63%
Gwinea Bissau
62%
Mikronezja
62%
Brunei
61%
Kiribati
61%
Bahamy
60%
Burundi
60%
Malediwy
60%
Timor Wschodni
59%
Wyspy Salomona
59%
Republika Zielonego Przylądka
58%
Trynidad i Tobago
58%
Fidżi
57%
Seszele
57%
Wyspy Świętego Tomasza i Książeca
57%
Nauru
55%
Tonga
54%
Dominika
53%
Komory
52%
Palau
52%
Vanuatu
52%
Tuvalu
51%
Wyspy Marshalla
51%
Samoa
49%
Saint Lucia
48%
Barbados
47%
Saint Kitts i Nevis
46%
Mauritius
44%
Grenada
43%
Saint Vincent i Grenadyny
43%
Antigua i Barbuda
42%
Nie znaleziono quizów pasujących do podanych kryteriów
Rozkład punktacji
Procent ludzi z każdym wynikiem
Percentyl według liczby udzielonych odpowiedzi
Twoja historia wyników
Nie rozwiązałeś tego quizu